Filmographie de Scorsese - Mort Subite - Statistiques

Statistiques générales
  • Ce quiz a été pris 764 fois
  • Le résultat moyen est 9 sur 16
Answers on the Grid
Answers color-coded by a green-red scale on the quiz's grid according to % correct below.
Taxi Driver
Casino
Les Affranchis
Raging Bull
La Valse des Pantins
Les Infiltrés
Le loup de Wall Street
Killers of the Flower Moon
Shutter Island
La Dernière Tentation du Christ
Hugo Cabret
Mean Streets
Aviator
Les Nerfs à vif
Gangs of New York
The Irishman
Apocalypse Now
Scarface
Il était une fois en Amérique
The Revenant
Le Parrain
Les Incorruptibles
Donnie Brasco
Premiers Pas dans la mafia
Reservoir Dogs
American Gangster
L'Impasse
Heat
Carrie au bal du diable
Voyage au bout de l'enfer
 
Statistiques - réponses
Réponse % Correct
Taxi Driver
74%
Shutter Island
71%
Casino
70%
Le loup de Wall Street
70%
Les Affranchis
68%
The Irishman
68%
Killers of the Flower Moon
67%
Gangs of New York
64%
Les Infiltrés
62%
Raging Bull
62%
Aviator
53%
La Dernière Tentation du Christ
47%
Mean Streets
46%
Hugo Cabret
43%
La Valse des Pantins
39%
Les Nerfs à vif
36%
Aucun quiz correspondant
Distribution des résultats
% des personnes avec chaque résultat
Percentile par nombre de réponses
Votre historique - résultats
Vous n’avez pas pris ce quiz